[Event "XXXII Moglianoscacchi A"]
[Site "Mogliano Veneto ITA"]
[Date "2011.05.01"]
[Round "5"]
[White "Giuriato, Sergio"]
[Black "Fiorido, Giuseppe"]
[Result "0-1"]
[WhiteElo "1945"]
[BlackElo "2139"]
[PlyCount "82"]
[EventDate "2011.04.29"]

1. d4 Nf6 2. c4 e5 3. dxe5 Ng4 4. Bf4 Nc6 5. Nf3 Bb4+ 6. Nc3 Qe7 7. Qd5 Bxc3+
8. bxc3 f6 9. exf6 Nxf6 10. Qd3 d6 11. g3 O-O 12. Bg2 Ne4 13. O-O Nc5 14. Qd2
Kh8 15. Qe3 Qf7 16. Ng5 Qg6 17. h4 Bg4 18. Bxc6 bxc6 19. Qe7 Bd7 20. Bxd6 cxd6
21. h5 Qxh5 22. f4 Qg6 23. Rad1 Rf6 24. Rxd6 Rxd6 25. Qxd6 Qxd6 26. Nf7+ Kg8
27. Nxd6 Kf8 28. e4 Rb8 29. Rf2 Rb1+ 30. Kg2 Nb7 31. e5 Nxd6 32. exd6 Re1 33.
Rb2 c5 34. Kf2 Rd1 35. Rb7 Rxd6 36. Rxa7 Ke7 37. a4 Rd3 38. Ra5 Rxc3 39. Rxc5
Bxa4 40. Rc7+ Bd7 41. c5 Kd8 0-1

[Event "XXXII Moglianoscacchi A"]
[Site "Mogliano Veneto ITA"]
[Date "2011.05.01"]
[Round "5"]
[White "Inkiov, Ventzislav V."]
[Black "Zamengo, Fulvio"]
[Result "1-0"]
[WhiteElo "2497"]
[BlackElo "1978"]
[PlyCount "65"]
[EventDate "2011.04.29"]

1. d4 Nf6 2. c4 c5 3. d5 b5 4. Nf3 d6 5. cxb5 a6 6. e3 Nbd7 7. Nc3 g6 8. a4 Bg7
9. Bd2 O-O 10. Be2 axb5 11. Bxb5 Ba6 12. O-O Bxb5 13. axb5 Nb6 14. e4 Qc7 15.
Qb3 Nfd7 16. Ra6 c4 17. Qc2 Nc5 18. Rxa8 Rxa8 19. Be3 Nb3 20. h4 Na4 21. Nxa4
Rxa4 22. Nd2 Ra2 23. b6 Qc8 24. Qxc4 Qxc4 25. Nxc4 Ra8 26. Rd1 Rb8 27. Rd3 Nc5
28. Bxc5 dxc5 29. e5 Kf8 30. Rb3 Ke8 31. Rb5 e6 32. dxe6 fxe6 33. Rxc5 1-0

[Event "XXXII Moglianoscacchi A"]
[Site "Mogliano Veneto ITA"]
[Date "2011.05.01"]
[Round "5"]
[White "Panican, Gheorghe"]
[Black "Basso, Pier Luigi"]
[Result "1/2-1/2"]
[WhiteElo "1971"]
[BlackElo "1996"]
[PlyCount "114"]
[EventDate "2011.04.29"]

1. Nf3 d5 2. g3 c5 3. Bg2 Nf6 4. d3 g6 5. Nbd2 Bg7 6. O-O O-O 7. e4 dxe4 8.
dxe4 Nc6 9. Re1 Nd7 10. h3 Nd4 11. c3 Nxf3+ 12. Nxf3 Ne5 13. Nxe5 Bxe5 14. Be3
Qc7 15. f4 Bg7 16. Qd5 c4 17. Qc5 Qxc5 18. Bxc5 Re8 19. e5 a6 20. Re2 Rb8 21.
Ba7 Ra8 22. Bb6 Bd7 23. Rd1 Bb5 24. Rd4 e6 25. Bc7 Rac8 26. Bd6 b6 27. Bb7 Rcd8
28. a4 Bxa4 29. Bxa6 b5 30. Bb7 Bf8 31. Red2 Bxd6 32. Rxd6 Rxd6 33. Rxd6 b4 34.
cxb4 Rb8 35. Ra6 Rxb7 36. Rxa4 Rd7 37. Ra8+ Kg7 38. Rc8 Rd2 39. Rxc4 Rxb2 40.
g4 h6 41. h4 Rd2 42. g5 h5 43. Kf1 Kf8 44. Ke1 Rh2 45. Kd1 Rxh4 46. b5 Rh2 47.
Kc1 Rh1+ 48. Kc2 Rh2+ 49. Kb3 Rh3+ 50. Kb4 Rh1 51. Kc5 Ke7 52. Kc6 Kd8 53. Kb7
h4 54. b6 h3 55. Rc8+ Kd7 56. Rh8 h2 57. Rh7 Ke7 1/2-1/2

[Event "XXXII Moglianoscacchi A"]
[Site "Mogliano Veneto ITA"]
[Date "2011.05.01"]
[Round "5"]
[White "Pozzi, Massimo"]
[Black "Gallo, Enrico"]
[Result "1-0"]
[WhiteElo "2035"]
[BlackElo "2104"]
[PlyCount "67"]
[EventDate "2011.04.29"]

1. d4 Nf6 2. Nf3 e6 3. Bf4 d6 4. e3 Be7 5. h3 Nbd7 6. Be2 b6 7. Nbd2 Bb7 8. c3
h6 9. Qc2 c5 10. dxc5 bxc5 11. Nc4 e5 12. Bh2 e4 13. Nfd2 d5 14. Nd6+ Bxd6 15.
Bxd6 Qb6 16. Bf4 O-O 17. O-O Qe6 18. b4 g5 19. Bh2 Kh8 20. Bg3 Rg8 21. Qd1 Rg7
22. Nb3 g4 23. bxc5 Ne8 24. Bxg4 f5 25. Nd4 Qf6 26. Nxf5 Rg5 27. Nd6 Ba6 28.
Nxe8 Rxe8 29. Bxd7 Rd8 30. c6 Bxf1 31. Qxf1 Rgg8 32. Qb5 Qg7 33. Qxd5 Rb8 34.
Be5 1-0

[Event "XXXII Moglianoscacchi A"]
[Site "Mogliano Veneto ITA"]
[Date "2011.05.01"]
[Round "5"]
[White "Quaranta, Cristiano"]
[Black "Aleksic, Nenad"]
[Result "1/2-1/2"]
[WhiteElo "2130"]
[BlackElo "2355"]
[PlyCount "52"]
[EventDate "2011.04.29"]

1. d4 Nf6 2. c4 e6 3. g3 Bb4+ 4. Bd2 a5 5. Bg2 O-O 6. a3 Bxd2+ 7. Qxd2 d6 8.
Nc3 Nbd7 9. e4 e5 10. Nge2 b6 11. O-O Bb7 12. Rfe1 Re8 13. Rad1 Qc8 14. Qc2 h6
15. b3 Nf8 16. dxe5 dxe5 17. Nd5 N6d7 18. Rd2 c6 19. Ne3 Qc7 20. Red1 Nc5 21.
b4 axb4 22. axb4 Nce6 23. Qc3 Red8 24. Rxd8 Rxd8 25. Rxd8 Nxd8 26. Nf5 Nde6
1/2-1/2

[Event "XXXII Moglianoscacchi A"]
[Site "Mogliano Veneto ITA"]
[Date "2011.05.01"]
[Round "5"]
[White "Vianello, Enrico"]
[Black "Boraso, Alessio"]
[Result "1-0"]
[WhiteElo "2164"]
[BlackElo "1880"]
[PlyCount "51"]
[EventDate "2011.04.29"]

1. Nf3 Nf6 2. c4 c6 3. d4 d5 4. Qc2 e6 5. g3 Bd6 6. Bg2 Nbd7 7. O-O Ne4 8. Ne1
f5 9. Nd3 O-O 10. Bf4 Bxf4 11. Nxf4 Ndf6 12. b3 g5 13. Nh3 g4 14. Nf4 Qe8 15.
Nd2 h5 16. Nxe4 fxe4 17. Qc3 Qf7 18. f3 Qh7 19. fxe4 Nxe4 20. Bxe4 dxe4 21. Qa5
Rf5 22. Qd8+ Rf8 23. Qg5+ Qg7 24. Qxg7+ Kxg7 25. Nxh5+ Kg8 26. Nf6+ 1-0